The modern university dictionary and world atlas / (Record no. 56475)

MARC details
000 -LEADER
campo de control de longitud fija 00504nam a2200169 i 4500
001 - NÚMERO DE CONTROL
campo de control 56475
003 - IDENTIFICADOR DE NÚMERO DE CONTROL
campo de control ES-MaACL
005 - FECHA Y HORA DE LA ÚLTIMA TRANSACCIÓN
campo de control 20230906163358.0
007 - CAMPO FIJO DE DESCRIPCIÓN FÍSICA--INFORMACIÓN GENERAL
campo de control de longitud fija t|
008 - DATOS DE LONGITUD FIJA--INFORMACIÓN GENERAL
campo de control de longitud fija 031009s1933 xxk ||||1| eng d
245 04 - MENCIÓN DEL TÍTULO
Título The modern university dictionary and world atlas /
Mención de responsabilidad, etc. edited by J.M. Parrish, John R. Crossland.
260 ## - PUBLICACIÓN, DISTRIBUCIÓN, ETC.
Lugar de publicación, distribución, etc. London :
Nombre del editor, distribuidor, etc. Collins,
Fecha de publicación, distribución, etc. [1933]
300 ## - DESCRIPCIÓN FÍSICA
Extensión 760 p. :
Otras características físicas map. ;
Dimensiones 21 cm.
700 1# - ENTRADA AGREGADA--NOMBRE PERSONAL
Nombre de persona Parrish, J. M.
9 (RLIN) 89268
700 1# - ENTRADA AGREGADA--NOMBRE PERSONAL
Nombre de persona Crossland, John R.
9 (RLIN) 41723
852 ## - LOCALIZACIÓN
Ubicación ES-MaACL
Número de control de estantería A-1859
Holdings
Estatus retirado Estado de pérdida Estado de daño No para préstamo Biblioteca de origen Biblioteca actual Ubicación en estantería Fecha de adquisición Fuente de adquisición Total de préstamos Signatura topográfica completa Código de barras Visto por última vez Precio de reemplazo Tipo de ítem Koha
        Biblioteca del Ateneo de Madrid Biblioteca del Ateneo de Madrid Sala Pecera Planta 1 17/01/2008     A-1859 1059313 23/02/2023 23/02/2023 Libro impreso